[Event "Défi"]
[Site "www.echecsemail.com"]
[Date "2026.01.16"]
[Round "1"]
[White "Scipio"]
[Black "Castor"]
[WhiteElo "1380"]
[BlackElo "1330"]
[Result "0-1"]
1.c4 e5
2.Nb1c3 Ng8f6
3.d3 Bf8b4
4.a3 Bb4c5
5.e3 Nb8c6
6.Bf1e2 d5
7.Ng1f3 O-O
8.h3 Qd8e7
9.g4 dxc4
10.dxc4 Bc8e6
11.Qd1c2 h6
12.Nf3h4 a6
13.g5 hxg5
14.Nh4f5 Qe7d7
15.Rh1g1 Nf6h7
16.Nc3e4 Bc5b6
17.c5 Bb6a7
18.h4 Be6xf5
19.Be2d3 Bf5g6
20.hxg5 Qd7e7
21.Ke2 f5
22.Bd3c4 Kh8
23.f3 fxe4
24.fxe4 Ba7xc5
25.Bc1d2 Nh7xg5
26.Rg1h1 Ng5h7
27.Ra1g1 Qe7f6
28.Qc2d3 Ra8d8
29.Qd3b3 b5
30.Bc4d5 Nc6e7
31.Bd5b7 Bg6xe4
32.Bb7xe4 g6
33.Bd2a5 Qf6f2
0-1

[Event "Défi"]
[Site "www.echecsemail.com"]
[Date "2026.01.16"]
[Round "1"]
[White "Mokanne"]
[Black "Jlr"]
[WhiteElo "1430"]
[BlackElo "1390"]
[Result "1-0"]
1.e4 e5
2.Bf1c4 Ng8f6
3.d3 Nb8c6
4.Ng1f3 h6
5.O-O Bf8c5
6.h3 g5
7.g4 d6
8.c3 h5
9.Nf3xg5 Bc8e6
10.Bc4xe6 fxe6
11.Ng5xe6 Qd8d7
12.Ne6xc5 dxc5
13.f3 hxg4
14.fxg4 Rh8xh3
15.Rf1f5 Rh3xd3
16.Bc1d2 Rd3g3
17.Kf2 Nf6xe4
18.Kf1 Qd7d3
19.Qd1e2 Ne4xd2
20.Nb1xd2 O-O-O
21.Ra1d1 Qd3xe2
22.Kxe2 Rd8e8
23.Rf5g5 Rg3g2
24.Kf3 Rg2h2
25.Kg3 Rh2e2
26.Kf3 Re2h2
27.Rg5h5 b6
28.Rh5xh2 Re8f8
29.Ke2 Kb7
30.Rd1f1 Rf8g8
31.Rf1g1 b5
32.g5 Rg8xg5
33.Rg1xg5 c4
34.b3 a5
35.Nd2e4 Kb6
36.bxc4 bxc4
37.Ne4d2 Kc5
38.Nd2f3 Kd5
39.Rh2h5 a4
40.Nf3xe5 Nc6e7
41.Ne5f3 Kc6
42.Nf3d4 Kb6
43.Rh5h6 c6
44.Rg5e5 Ne7d5
45.Rh6xc6 Kb7
46.Re5xd5 a3
47.Rd5b5 Ka7
48.Rb5g5 Kb7
49.Rg5g7 Kb8
50.Rc6h6 { abandon }1-0

[Event "Memorial Lara CIII"]
[Site "www.echecsemail.com"]
[Date "2026.01.16"]
[Round "1"]
[White "Leredoutable"]
[Black "Bertelsen"]
[WhiteElo "1760"]
[BlackElo "1730"]
[Result "1-0"]
1.e4 e5
2.Ng1f3 Nb8c6
3.Nb1c3 Ng8f6
4.Bf1c4 h6
5.O-O Bf8e7
6.d4 exd4
7.Nf3xd4 Nc6e5
8.Bc4b3 d6
9.f4 Ne5g6
10.h3 c6
11.f5 Ng6f8
12.Qd1f3 Bc8d7
13.g4 Nf6h7
14.Bc1f4 Qd8c7
15.Ra1e1 Qc7a5
16.a4 a6
17.Bb3a2 c5
18.Nd4b3 Qa5c7
19.Nb3xc5 Qc7xc5
20.Bf4e3 Qc5c8
21.Be3d4 f6
22.Nc3d5 Be7d8
23.Qf3g3 Bd8e7
24.Qg3h4 Nh7g5
25.Qh4h5 Ng5f7
26.Bd4b6 Be7d8
27.Nd5xf6 { abandon }1-0

[Event "Transval 2"]
[Site "www.echecsemail.com"]
[Date "2026.01.16"]
[Round "1"]
[White "Patau"]
[Black "Abelito"]
[WhiteElo "1690"]
[BlackElo "1580"]
[Result "1-0"]
1.Ng1f3 d5
2.e4 e6
3.exd5 Qd8xd5
4.d4 Ng8f6
5.c4 Qd5d8
6.Bf1d3 c5
7.Bc1e3 Nb8c6
8.Bd3e2 Nf6e4
9.O-O Bf8d6
10.Nb1c3 Ne4f6
11.dxc5 Bd6c7
12.Qd1xd8 Bc7xd8
13.Ra1d1 O-O
14.Nf3d4 Bd8a5
15.Nd4xc6 bxc6
16.Be2f3 Bc8b7
17.Rd1d3 a6
18.a3 e5
19.b4 Ba5c7
20.Rf1d1 a5
21.Nc3e4 Bb7a6
22.Ne4xf6 gxf6
23.b5 Ba6b7
24.Bf3xc6 Bb7xc6
25.bxc6 Rf8d8
26.Rd3d7 Ra8c8
27.Rd7xd8 Bc7xd8
28.Be3h6 Bd8e7
29.Rd1d3 Be7xc5
30.Rd3g3 Kh8
31.Bh6g7 Kg8
32.Bg7xf6 Kf8
33.Bf6xe5 Rc8xc6
34.Be5g7 Kg8
35.Bg7d4 Kf8
36.Bd4xc5 Rc6xc5
37.Rg3c3 f5
38.f4 Kf7
39.Kf2 h5
40.Ke3 Kf6
41.Kd4 Rc5c8
42.c5 Ke6
43.Rc3c4 Rc8c6
44.Rc4c3 h4
45.Rc3e3 Kf6
46.Kd5 Rc6c8
47.Re3e6 Kf7
48.Re6d6 Ke7
49.c6 Rc8c7
50.Kc5 a4
51.Kb6 Rc7c8
52.Rd6d7 Ke6
53.Kb7 { abandon }1-0

[Event "Tournoi n27352"]
[Site "www.echecsemail.com"]
[Date "2026.01.16"]
[Round "1"]
[White "Jlr"]
[Black "Jeff75019"]
[WhiteElo "1370"]
[BlackElo "1450"]
[Result "0-1"]
1.e4 e5
2.Ng1f3 Nb8c6
3.Bf1c4 Bf8c5
4.d3 Ng8f6
5.Nf3g5 O-O
6.a3 d6
7.Nb1c3 Nf6g4
8.O-O h6
9.Bc4xf7 Rf8xf7
10.h3 Bc5xf2
11.Kh1 hxg5
12.hxg4 Qd8f8
13.Bc1xg5 Bf2g3
14.Qd1d2 Rf7xf1
15.Ra1xf1 Qf8xf1
0-1

[Event "Coupe Niveau 2"]
[Site "www.echecsemail.com"]
[Date "2026.01.16"]
[Round "1"]
[White "Domenico"]
[Black "Patau"]
[WhiteElo "1760"]
[BlackElo "1700"]
[Result "1-0"]
1.e4 e5
2.Bf1c4 c6
3.Ng1f3 d5
4.exd5 cxd5
5.Bc4e2 e4
6.Nf3d4 Nb8c6
7.Nd4xc6 bxc6
8.O-O Bf8c5
9.Nb1c3 Ng8f6
10.d3 Bc8a6
11.d4 Ba6xe2
12.Qd1xe2 Bc5d6
13.Bc1g5 h6
14.Bg5h4 O-O
15.Ra1e1 Bd6e7
16.f3 Nf6h7
17.Bh4xe7 Qd8xe7
18.fxe4 dxe4
19.Nc3xe4 Rf8e8
20.Qe2f3 Nh7g5
21.Ne4xg5 Qe7f6
22.Re1xe8 Ra8xe8
23.Ng5xf7 Kxf7
24.Qf3b3 Kg6
25.Rf1xf6 gxf6
26.Qb3g3 Kf7
27.Qg3c7 { abandon }1-0

[Event "Tournoi n27392"]
[Site "www.echecsemail.com"]
[Date "2026.01.16"]
[Round "1"]
[White "Mokanne"]
[Black "Fouvolant"]
[WhiteElo "1440"]
[BlackElo "1420"]
[Result "1-0"]
1.e4 c5
2.c4 Nb8c6
3.b3 Ng8f6
4.d3 e6
5.f3 Qd8c7
6.h3 Bf8e7
7.Bc1b2 d6
8.g4 O-O
9.Bb2c3 Nc6d4
10.Kf2 b6
11.Ng1e2 e5
12.Ne2xd4 exd4
13.Bc3b2 Bc8b7
14.Nb1d2 Nf6d7
15.Bf1g2 Nd7e5
16.Qd1e2 Be7h4
17.Kg1 Bh4g3
18.Nd2f1 Bg3f4
19.Bb2c1 Ne5g6
20.Qe2f2 Bf4e5
21.f4 { abandon }1-0

[Event "Coupe Niveau 3"]
[Site "www.echecsemail.com"]
[Date "2026.01.16"]
[Round "1"]
[White "Elghribi"]
[Black "Patau"]
[WhiteElo "1910"]
[BlackElo "1710"]
[Result "1-0"]
1.e4 e5
2.Ng1f3 c6
3.Bf1c4 d5
4.exd5 cxd5
5.Bc4b5 Bc8d7
6.Qd1e2 e4
7.Nf3d4 Nb8c6
8.Nd4xc6 Bd7xc6
9.O-O Ng8f6
10.Bb5xc6 bxc6
11.d3 Bf8c5
12.Bc1g5 O-O
13.c3 h6
14.Bg5xf6 Qd8xf6
15.dxe4 Rf8e8
16.Nb1d2 Ra8b8
17.Ra1b1 a5
18.Qe2d3 Rb8d8
19.Rb1e1 dxe4
20.Qd3c2 Rd8xd2
21.Qc2xd2 Qf6g6
22.Kh1 Qg6h5
23.f4 e3
24.Qd2d7 f6
25.Rf1f3 e2
26.Rf3g3 g5
27.Rg3h3 Qh5g4
28.Qd7xg4 { abandon }1-0

[Event "5 octobre 2025"]
[Site "www.echecsemail.com"]
[Date "2026.01.16"]
[Round "1"]
[White "Janolapin"]
[Black "Titit1"]
[WhiteElo "1670"]
[BlackElo "1440"]
[Result "1-0"]
1.g3 Nb8c6
2.Bf1g2 Nc6e5
3.b3 Ng8f6
4.Bc1b2 d6
5.d3 e6
6.e3 Bc8d7
7.Ng1e2 d5
8.O-O Bf8d6
9.d4 Ne5c6
10.Nb1d2 O-O
11.c4 dxc4
12.Nd2xc4 Bd6e7
13.a3 a6
14.Qd1c2 b5
15.Nc4d2 Bd7c8
16.Bg2xc6 Ra8b8
17.Ra1c1 Be7d6
18.Nd2e4 Bd6e7
19.Ne2c3 Bc8d7
20.Ne4xf6 Be7xf6
21.Bc6xd7 Qd8xd7
22.Nc3e4 Bf6e7
23.Qc2xc7 Qd7d5
24.Qc7xe7 Qd5xe4
25.Qe7c5 h6
26.Qc5c2 Qe4b7
27.Qc2c6 Qb7a7
28.Rc1c5 Rf8c8
29.Qc6d6 Rc8d8
30.Qd6e5 Rd8e8
31.Rf1c1 f6
32.Rc5c7 Qa7b6
33.Rc1c6 Qb6a5
34.Qe5d6 Qa5e1
35.Kg2 Qe1b1
36.Rc6c2 Kh7
37.Qd6d7 Kg6
38.Qd7xg7 Kf5
39.e4 Kxe4
40.Qg7g4 Kd5
41.Rc2c5 Kd6
42.Qg4f4 e5
43.Qf4xf6 Re8e6
44.dxe5 1-0

[Event "Memorial Lara CIII"]
[Site "www.echecsemail.com"]
[Date "2026.01.16"]
[Round "1"]
[White "Bertelsen"]
[Black "Leredoutable"]
[WhiteElo "1730"]
[BlackElo "1760"]
[Result "0-1"]
1.d4 d5
2.Ng1f3 Nb8c6
3.e3 Bc8f5
4.a3 Ng8f6
5.Bf1e2 e6
6.Nb1c3 Bf8d6
7.Bc1d2 O-O
8.h3 Rf8e8
9.O-O e5
10.Kh1 Qd8d7
11.Nf3g1 Bf5g6
12.Bd2e1 Qd7f5
13.g3 exd4
14.exd4 Qf5xc2
15.Qd1xc2 Bg6xc2
16.Ra1c1 Nc6xd4
17.Be2d1 Bc2d3
18.Bd1e2 Nd4xe2
19.Ng1xe2 Bd3xe2
20.Rf1g1 Be2f3
21.Kh2 Nf6h5
22.Be1d2 Re8e6
23.Nc3b5 Re6e2
24.Nb5xd6 cxd6
25.Bd2b4 Re2xf2
{ abandon }0-1

[Event "Tournoi n27348"]
[Site "www.echecsemail.com"]
[Date "2026.01.16"]
[Round "1"]
[White "Intrigue"]
[Black "Legros"]
[WhiteElo "1750"]
[BlackElo "1740"]
[Result "0-1"]
1.e4 Ng8f6
2.e5 Nf6d5
3.c4 Nd5b6
4.Ng1f3 d6
5.Nb1c3 Nb8c6
6.exd6 cxd6
7.Bf1e2 g6
8.O-O Bf8g7
9.d3 O-O
10.h3 e6
11.Bc1e3 d5
12.cxd5 Nb6xd5
13.Nc3xd5 Qd8xd5
14.d4 b5
15.a3 a5
16.Ra1c1 Bc8b7
17.Rc1c5 Qd5d7
18.Be2xb5 Qd7d6
19.Qd1d2 Rf8d8
20.Qd2c2 Ra8c8
21.Rf1c1 Nc6xd4
22.Be3xd4 Bg7xd4
23.Rc5xc8 Rd8xc8
24.Qc2b1 Bd4b6
25.Rc1xc8 Bb7xc8
26.b4 axb4
27.Qb1xb4 Bb6c5
28.Qb4c4 Bc8b7
29.a4 Qd6b6
30.Qc4c3 Bc5xf2
31.Kh2 Bb7d5
32.Qc3c2 Qb6d6
33.Kh1 Qd6g3
34.Bb5c6 Bd5xf3
35.Bc6xf3 Bf2d4
36.Qc2d2 Bd4e5
37.Kg1 Be5f4
38.Qd2d8 Kg7
39.Qd8d4 e5
40.Qd4e4 f5
41.Qe4b7 Kh6
42.Kf1 e4
43.Bf3e2 Qg3e3
44.Qb7c8 Qe3c1
45.Qc8xc1 Bf4xc1
46.a5 Bc1a3
47.a6 Ba3c5
48.g4 Kg5
49.gxf5 gxf5
50.Kg2 h5
51.Be2c4 h4
52.Bc4b5 f4
53.Bb5c4 Kf5
54.Bc4d5 f3
55.Kf1 Kf4
56.Bd5e6 e3
57.Be6c4 Kg3
58.Bc4e6 e2
59.Ke1 Bc5b4
0-1

[Event "Défi"]
[Site "www.echecsemail.com"]
[Date "2026.01.16"]
[Round "1"]
[White "Voyageur"]
[Black "Gambitor"]
[WhiteElo "1610"]
[BlackElo "1560"]
[Result "1-0"]
1.d4 Ng8f6
2.c4 g6
3.Ng1f3 Bf8g7
4.e3 O-O
5.Nb1c3 d6
6.g3 c5
7.d5 Nb8d7
8.Bf1g2 a6
9.O-O b5
10.b3 bxc4
11.bxc4 Ra8b8
12.Bc1d2 a5
13.Nc3b5 Bc8a6
14.Ra1b1 Nf6e4
15.a4 Nd7b6
16.Bd2xa5 Qd8d7
17.Ba5xb6 Rb8xb6
18.Nf3d2 Ne4f6
19.Nd2e4 Nf6xe4
20.Bg2xe4 Ba6c8
21.Be4g2 Rb6a6
22.Nb5c3 Bg7xc3
23.Qd1c2 Bc3g7
24.Rf1c1 Ra6xa4
25.Bg2h3 Qd7xh3
26.Qc2xa4 Bc8d7
27.Qa4a7 Bd7f5
28.Rb1b7 e6
29.Rb7b8 Rf8xb8
30.Qa7xb8 Bg7f8
31.f3 exd5
32.cxd5 Kg7
33.e4 Bf5d7
34.Rc1a1 Bd7c8
35.Ra1a8 Bf8e7
36.Qb8xc8 Qh3xc8
37.Ra8xc8 Be7g5
38.Kf2 Bg5f6
39.Rc8c6 Bf6d4
40.Ke2 f5
41.Rc6xd6 fxe4
42.fxe4 c4
43.Rd6c6 c3
44.Kd3 Bd4f6
45.d6 { abandon }1-0

[Event "Tournoi échelle division 1"]
[Site "www.echecsemail.com"]
[Date "2026.01.16"]
[Round "1"]
[White "Tahar"]
[Black "Luc20"]
[WhiteElo "2010"]
[BlackElo "1810"]
[Result "1/2-1/2"]
1.e4 e6
2.d4 d5
3.e5 c5
4.Bf1b5 Nb8c6
5.Ng1f3 a6
6.Bb5e2 b5
7.c3 Bf8e7
8.O-O h6
9.Nb1d2 cxd4
10.cxd4 Qd8b6
11.Nd2b3 Bc8b7
12.Bc1e3 Ra8c8
13.Ra1c1 Nc6a5
14.h3 Na5c4
15.Be2xc4 bxc4
16.Nb3c5 Bb7a8
17.Qd1a4 Qb6b5
18.Qa4xa6 Qb5xa6
19.Nc5xa6 Rc8c6
20.Na6c5 f5
21.Rc1a1 g5
22.a4 Be7xc5
23.dxc5 Ng8e7
24.Nf3e1 Rc6a6
25.Ne1c2 Ne7c6
26.Be3d4 Kf7
27.Rf1b1 Rh8b8
28.f3 f4
29.Kf2 Kg6
30.Bd4c3 Rb8b3
31.Nc2d4 Nc6xd4
32.Bc3xd4 Rb3d3
33.Bd4c3 Ba8c6
34.a5 Kf5
35.Ra1a3 d4
36.Bc3e1 Rd3xa3
37.bxa3 Kxe5
38.Rb1b6 Ra6xb6
39.cxb6 Bc6b7
40.Ke2 Kd5
41.Kd2 e5
42.Kc2 e4
43.fxe4 Kxe4
44.Be1f2 h5
45.g3 d3
46.Kd2 f3
47.a4 g4
48.h4 Bb7a6
49.Kc3 Kd5
50.Kd2 Ke4
{ nul }1/2-1/2

[Event "Tournoi n27353"]
[Site "www.echecsemail.com"]
[Date "2026.01.16"]
[Round "1"]
[White "Mokanne"]
[Black "Aramis"]
[WhiteElo "1450"]
[BlackElo "1550"]
[Result "1-0"]
1.e4 e5
2.a3 d5
3.Bf1d3 d4
4.b4 Ng8f6
5.h3 a6
6.Bc1b2 b5
7.f3 c6
8.Ng1e2 c5
9.c3 dxc3
10.Bb2xc3 c4
11.Bd3c2 Bf8d6
12.O-O O-O
13.Ne2g3 h6
14.d3 Qd8c7
15.Nb1d2 cxd3
16.Bc2xd3 Qc7xc3
17.Bd3e2 Qc3c7
18.Ra1c1 Qc7d7
19.Nd2b3 Nb8c6
20.Ng3f5 Nf6e8
21.Rc1c2 Bc8b7
22.Rc2d2 Nc6d4
23.Nb3xd4 exd4
24.Rd2xd4 Qd7e6
25.Nf5xd6 Ne8xd6
26.Rd4xd6 Qe6e5
27.Rf1f2 Qe5g5
28.f4 Qg5e7
29.Rd6d7 Qe7xe4
30.Be2f3 Qe4e6
31.Bf3xb7 Ra8a7
32.Bb7c6 Ra7xd7
33.Bc6xd7 Rf8d8
34.Rf2d2 Qe6e3
35.Kh1 Qe3xf4
36.Kg1 Qf4e3
37.Kh1 Qe3xa3
38.Rd2d4 a5
39.bxa5 Qa3xa5
40.Rd4d5 Qa5a7
41.Bd7xb5 Rd8xd5
42.Qd1xd5 Qa7a1
43.Kh2 Qa1f6
44.Bb5d3 g6
45.Qd5f3 Qf6e5
46.Kh1 Kg7
47.Qf3f2 h5
48.g3 Qe5d5
49.Kg1 Qd5xd3
50.h4 Qd3e4
51.Kh2 Qe4e6
52.Kg2 f5
53.Kh2 Qe6f6
54.Kg2 Kh6
55.Kh2 g5
56.Qf2e3 Kg6
57.Qe3e8 Kh6
58.Qe8e3 f4
59.Qe3f3 gxh4
60.gxf4 Qf6f5
61.Qf3c6 Qf5g6
62.Qc6f3 Qg6c2
63.Kh3 Qc2f5
64.Kxh4 Qf5f6
65.Kh3 Qf6f5
66.Kh4 Qf5f6
67.Kh3 Qf6f5
68.Kg2 Qf5c2
69.Kg3 Qc2g6
70.Kf2 Qg6f6
71.Kg3 h4
72.Kh3 Kg6
73.Qf3g4 Kf7
74.Qg4xh4 Qf6xh4
75.Kxh4 Kf6
76.Kg4 Kg6
77.f5 Kf6
78.Kf4 Ke7
79.Ke5 Kf7
80.f6 Ke8
81.Ke6 Kf8
82.f7 Kg7
83.Ke7 Kg6
84.f8Q Kg5
85.Qf8f6 Kg4
86.Ke6 Kh5
87.Ke5 Kg4
88.Ke4 Kh5
89.Qf6g7 Kh4
90.Qg7g6 Kh3
91.Qg6g5 Kh2
92.Kf3 Kh1
93.Qg5g2 1-0

[Event "Tournoi n27332"]
[Site "www.echecsemail.com"]
[Date "2026.01.16"]
[Round "1"]
[White "Blackrider"]
[Black "Mandrak"]
[WhiteElo "1710"]
[BlackElo "1590"]
[Result "1-0"]
1.e4 e5
2.g3 d6
3.Bf1g2 g6
4.d3 Ng8f6
5.h3 Bf8g7
6.Ng1f3 h6
7.O-O b6
8.Kh2 c5
9.c4 O-O
10.Nb1c3 Nb8c6
11.Nf3g1 Nc6d4
12.Bc1e3 Nd4e6
13.Nc3d5 Nf6xd5
14.cxd5 Ne6d4
15.Be3xd4 exd4
16.f4 f5
17.Qd1e2 Rf8e8
18.Ra1e1 b5
19.b3 a5
20.a4 b4
21.Qe2d2 Re8e7
22.h4 Qd8f8
23.Ng1f3 Bc8d7
24.e5 Ra8e8
25.e6 Bd7c8
26.Qd2d1 Bg7f6
27.Bg2h3 Bc8b7
28.Nf3d2 Re8a8
29.Bh3g2 Qf8g7
30.Nd2c4 Ra8a6
31.Kh3 Kh7
32.Rf1g1 Qg7g8
33.Bg2f3 Qg8e8
34.g4 Re7g7
35.g5 Bb7c8
36.gxf6 Rg7c7
37.Re1e2 Bc8xe6
38.dxe6 h5
39.Bf3d5 Qe8d8
40.Rg1e1 Qd8xf6
41.e7 Kh6
42.e8Q Qf6g7
43.Re2e7 Rc7xe7
44.Re1xe7 Qg7f6
45.Re7e6 Qf6g7
46.Nc4xd6 Ra6a7
47.Nd6xf5 { abandon }1-0

[Event "Tournoi n27346"]
[Site "www.echecsemail.com"]
[Date "2026.01.16"]
[Round "1"]
[White "Emmanuel"]
[Black "Blaireau64"]
[WhiteElo "1960"]
[BlackElo "2020"]
[Result "0-1"]
1.b3 e5
2.Bc1b2 Nb8c6
3.e3 Ng8f6
4.Bf1b5 d6
5.Bb5xc6 bxc6
6.Ng1e2 g6
7.Nb1c3 Bf8g7
8.O-O O-O
9.f4 e4
10.Ra1b1 d5
11.Nc3a4 Nf6d7
12.Ne2d4 c5
13.Nd4c6 Qd8e8
14.Bb2a3 Qe8e6
15.Nc6e5 Nd7xe5
16.fxe5 Bg7xe5
17.Ba3xc5 Rf8e8
18.Bc5a3 Bc8d7
19.Na4c5 Qe6c6
20.Nc5xd7 Qc6xd7
21.d4 exd3
22.cxd3 Be5d6
23.Ba3b2 Re8xe3
24.Rf1f3 Bd6c5
25.d4 Re3xf3
26.Qd1xf3 Bc5d6
27.Rb1f1 c6
28.Bb2c1 Ra8e8
29.Bc1g5 Re8e4
30.Bg5h6 Bd6f8
31.Bh6xf8 Kxf8
32.Qf3f6 Kg8
33.h4 Qd7e6
34.Qf6f2 f5
35.Rf1c1 Qe6f6
36.g3 Re4xd4
37.Rc1xc6 Rd4d1
{ abandon }0-1

[Event "Suisse Sep25 R8"]
[Site "www.echecsemail.com"]
[Date "2026.01.16"]
[Round "1"]
[White "Zax"]
[Black "Aperturaf"]
[WhiteElo "2270"]
[BlackElo "2820"]
[Result "0-1"]
1.e4 e6
2.Ng1f3 c5
3.d4 cxd4
4.c3 dxc3
5.Nb1xc3 Nb8c6
6.Bf1c4 a6
7.O-O Ng8e7
8.Bc1g5 h6
9.Bg5e3 b5
10.Bc4b3 Bc8b7
11.Qd1e2 Nc6a5
12.Bb3c2 Ra8c8
13.Ra1c1 Na5c4
14.Bc2d3 Nc4xe3
15.Qe2xe3 Ne7g6
16.Rf1d1 Bf8c5
17.Qe3d2 O-O
18.a3 Qd8f6
19.b4 Bc5b6
20.Bd3b1 Rf8d8
21.Nc3e2 d5
22.exd5 Rd8xd5
23.Qd2e1 Rd5xd1
24.Rc1xd1 Bb7xf3
25.gxf3 Ng6e5
26.Bb1e4 Ne5xf3
27.Be4xf3 Qf6xf3
28.Ne2g3 Bb6xf2
{ abandon }0-1

[Event "Défi"]
[Site "www.echecsemail.com"]
[Date "2026.01.16"]
[Round "1"]
[White "Turbo"]
[Black "Serjo"]
[WhiteElo "1270"]
[BlackElo "1290"]
[Result "1-0"]
1.e4 e5
2.Ng1f3 Nb8c6
3.a3 h6
4.h3 Ng8f6
5.Bf1c4 g6
6.O-O Nf6xe4
7.b4 Ne4f6
8.Bc1b2 d6
9.d3 Bf8g7
10.Bc4a2 O-O
11.Nb1c3 Kh7
12.Ba2b1 a6
13.d4 Rf8e8
14.Qd1d3 Nf6g8
15.Nc3e2 b5
16.c3 f6
17.Qd3xg6 Kh8
18.Qg6h7 1-0

[Event "CC Jan26 Asc(2/2)"]
[Site "www.echecsemail.com"]
[Date "2026.01.16"]
[Round "1"]
[White "Patau"]
[Black "Nbelnico"]
[WhiteElo "1700"]
[BlackElo "1700"]
[Result "1-0"]
1.e4 e5
2.Ng1f3 d6
3.d4 f6
4.Bf1c4 c6
5.h3 a5
6.O-O b5
7.Bc4e2 Ng8e7
8.Bc1e3 Bc8b7
9.c4 Bb7a6
10.Nb1c3 bxc4
11.Qd1a4 Ba6b5
12.Nc3xb5 cxb5
13.Qa4xb5 Nb8d7
14.dxe5 dxe5
15.Be2xc4 Ne7c8
16.Rf1d1 Nc8d6
17.Rd1xd6 Bf8xd6
18.Ra1d1 Ra8b8
19.Qb5d5 Rh8f8
20.Qd5xd6 Rb8b7
21.Be3c5 { abandon }1-0

[Event "Tournoi échelle division 2"]
[Site "www.echecsemail.com"]
[Date "2026.01.16"]
[Round "1"]
[White "Bertelsen"]
[Black "Patau"]
[WhiteElo "1730"]
[BlackElo "1700"]
[Result "0-1"]
1.d4 d5
2.Ng1f3 Ng8f6
3.e3 e6
4.a3 c5
5.c3 Nb8c6
6.Bf1b5 Bc8d7
7.Bb5xc6 Bd7xc6
8.Qd1c2 Bf8d6
9.h3 Qd8b6
10.b4 cxd4
11.cxd4 O-O
12.O-O Ra8c8
13.Qc2b3 Bc6b5
14.Rf1e1 Bb5c4
15.Qb3b2 Nf6e4
16.Nf3d2 Qb6d8
17.Nd2xe4 dxe4
18.Nb1c3 Bc4d3
19.Qb2d2 Qd8g5
20.Nc3e2 Rc8c2
21.Qd2d1 e5
22.Bc1d2 Rf8c8
23.Ne2c1 exd4
24.Nc1xd3 exd3
25.Bd2c1 dxe3
26.Bc1xe3 Qg5g6
27.Ra1c1 Rc2xc1
28.Be3xc1 Kf8
29.Qd1f3 Bd6e5
30.Qf3xb7 Qg6c6
31.Qb7xc6 Rc8xc6
32.g3 f6
33.Kg2 Rc6c2
34.a4 d2
{ abandon }0-1

[Event "Eq:Avalon-La Diagonale du Fou :"]
[Site "www.echecsemail.com"]
[Date "2026.01.16"]
[Round "1"]
[White "Woluwe1975"]
[Black "Mick13"]
[WhiteElo "1630"]
[BlackElo "1790"]
[Result "0-1"]
1.d4 e6
2.Bc1f4 d5
3.e3 a6
4.Bf1d3 h6
5.Bf4g3 Ng8f6
6.h3 Bf8e7
7.Nb1d2 O-O
8.Ng1f3 Be7d6
9.Nf3e5 Bd6xe5
10.dxe5 Nf6d7
11.O-O Nb8c6
12.f4 f5
13.Nd2b3 g6
14.c3 Rf8f7
15.Nb3d4 Nd7f8
16.Kf2 Bc8d7
17.Nd4f3 Nf8h7
18.h4 Rf7g7
19.Rf1h1 Bd7e8
20.Nf3d4 Nc6xd4
21.exd4 c6
22.Qd1d2 b5
23.b4 a5
24.a3 axb4
25.axb4 Rg7a7
26.Qd2b2 Ra7a4
27.Ke3 Ra8a7
28.Bg3f2 Qd8a8
29.Ra1xa4 Ra7xa4
30.Qb2e2 Ra4a2
31.Qe2f3 Ra2a1
32.g3 Qa8a3
33.Rh1xa1 Qa3xa1
34.Qf3e2 Qa1xc3
35.Bf2e1 Qc3c1
36.Kf2 g5
37.hxg5 hxg5
38.fxg5 Qc1xg5
39.Be1d2 Qg5g7
40.Bd2f4 Nh7g5
41.Qe2c2 Ng5h3
42.Ke1 Nh3xf4
43.gxf4 Qg7g3
44.Kd1 Be8h5
45.Bd3e2 Qg3g1
46.Kd2 Qg1xd4
47.Qc2d3 Qd4b2
48.Ke3 Bh5xe2
49.Qd3xe2 Qb2xe2
50.Kxe2 Kh7
51.Kd3 Kh6
52.Kd4 Kh5
53.Kc5 Kg4
{ abandon }0-1

[Event "Eq:Avalon-Vikings :"]
[Site "www.echecsemail.com"]
[Date "2026.01.16"]
[Round "1"]
[White "Gege62111"]
[Black "Mick13"]
[WhiteElo "1720"]
[BlackElo "1790"]
[Result "0-1"]
1.e4 e5
2.Ng1f3 Nb8c6
3.Bf1b5 d6
4.Bb5xc6 bxc6
5.O-O Bf8e7
6.d4 Bc8d7
7.dxe5 dxe5
8.Nf3xe5 Ng8f6
9.Rf1e1 Be7d6
10.Ne5xd7 Nf6xd7
11.e5 Bd6xe5
12.Nb1c3 O-O
13.Qd1d2 Be5d6
14.Nc3e4 Rf8e8
15.Ne4g5 Re8e7
16.Re1e2 h6
17.Ng5e4 Qd8e8
18.Qd2e1 Nd7c5
19.f3 Nc5xe4
20.fxe4 f5
21.a3 Qe8h5
22.h3 f4
23.Qe1f1 Ra8f8
24.Bc1d2 Re7f7
25.e5 Bd6c5
26.Kh2 f3
27.gxf3 Rf7xf3
28.Qf1e1 Qh5xh3
0-1

[Event "Défi( 10J+24H/c 10J Max )"]
[Site "www.echecsemail.com"]
[Date "2026.01.16"]
[Round "1"]
[White "Hberlioz"]
[Black "Bertelsen"]
[WhiteElo "1680"]
[BlackElo "1730"]
[Result "0-1"]
1.e4 e5
2.Nb1c3 Nb8c6
3.Bf1b5 Ng8e7
4.Ng1f3 a6
5.Bb5a4 b5
6.Ba4b3 h6
7.d4 exd4
8.Nf3xd4 Nc6e5
9.Bc1f4 Ne5g6
10.Qd1d2 d6
11.h3 c5
12.Bb3xf7 Kxf7
13.Nd4f3 Ng6xf4
14.Qd2xf4 Kg8
15.Ra1d1 Ne7g6
16.Qf4d2 Bc8b7
17.h4 b4
18.Nc3d5 Kh7
19.g4 Ng6e7
20.g5 h5
21.Nd5xe7 Qd8xe7
22.g6 Kxg6
23.Ke2 Qe7xe4
24.Qd2e3 Qe4c4
25.Ke1 Bf8e7
26.Rh1g1 Kf7
27.Rd1d2 Ra8e8
28.Kd1 Qc4xa2
29.Rd2d3 Qa2a1
30.Kd2 Qa1xb2
31.Nf3g5 Be7xg5
32.Qe3xg5 Re8e2
33.Kxe2 Qb2xc2
34.Rd3d2 Rh8e8
35.Kf1 Qc2c4
{ abandon }0-1

[Event "Coupe Niveau 5"]
[Site "www.echecsemail.com"]
[Date "2026.01.16"]
[Round "1"]
[White "Abc47"]
[Black "Marcat"]
[WhiteElo "2160"]
[BlackElo "2170"]
[Result "1-0"]
1.e4 e5
2.Ng1f3 Ng8f6
3.Nf3xe5 d6
4.Ne5f3 Nf6xe4
5.d4 d5
6.Bf1d3 Bf8d6
7.O-O O-O
8.c4 c6
9.Nb1c3 Ne4xc3
10.bxc3 dxc4
11.Bd3xc4 Nb8d7
12.Bc1g5 Qd8a5
13.Qd1d2 Nd7b6
14.Bc4d3 Bc8g4
15.Bg5f4 Ra8d8
16.Bf4xd6 Rd8xd6
17.Qd2f4 Bg4xf3
18.Qf4xd6 Qa5xc3
19.Bd3f5 Bf3d5
20.Bf5xh7 Kxh7
21.Qd6xf8 Qc3xd4
22.Ra1d1 Qd4e4
23.f3 Qe4c2
24.Qf8e7 { abandon }1-0

[Event "Tournoi échelle division 2"]
[Site "www.echecsemail.com"]
[Date "2026.01.16"]
[Round "1"]
[White "Bertelsen"]
[Black "Woluwe1975"]
[WhiteElo "1740"]
[BlackElo "1640"]
[Result "1/2-1/2"]
1.c4 c5
2.Nb1c3 Nb8c6
3.Ng1f3 Ng8f6
4.d3 d6
5.h3 h6
6.e3 e6
7.a3 Bf8e7
8.Bf1e2 b6
9.O-O Bc8b7
10.Ra1b1 a6
11.b4 O-O
12.Nc3a2 Qd8c8
13.a4 Be7d8
14.Qd1c2 Ra8b8
15.b5 axb5
16.axb5 Rb8a8
17.Bc1d2 Nc6e7
18.Na2c3 Ne7g6
19.Rb1a1 Bd8e7
20.Qc2b2 Ra8xa1
21.Rf1xa1 Qc8c7
22.Ra1a7 Rf8a8
23.Qb2a3 Ra8xa7
24.Qa3xa7 Be7d8
25.d4 Qc7c8
26.Nc3a4 Qc8a8
27.Qa7xa8 Bb7xa8
28.Na4c3 Nf6e4
29.Bd2e1 Ne4xc3
30.Be1xc3 Bd8f6
31.Kf1 Kf8
32.Ke1 Ng6e7
33.Kd2 g5
34.Nf3h2 Ba8xg2
35.Nh2g4 Bf6g7
36.f3 Bg2xh3
37.Ng4f2 Bh3f5
38.e4 Bf5g6
39.d5 Bg7xc3
40.Kxc3 exd5
41.cxd5 h5
42.Nf2h3 g4
43.Nh3f4 Kg7
44.Kd3 Kh6
45.fxg4 h4
46.Nf4h3 Ne7xd5
47.g5 Kg7
48.Be2f3 f6
49.Bf3g4 fxg5
50.Nh3xg5 Nd5c7
51.Kc4 Kf6
52.e5 Kxg5
53.exd6 Nc7e6
54.Bg4xe6 Kf6
55.Be6h3 Bg6e8
56.d7 Be8xd7
57.Bh3xd7 Ke5
58.Bd7c6 h3
59.Kd3 h2
60.Ke3 Kf6
61.Kf2 c4
62.Kg2 h1Q
63.Kxh1 c3
64.Bc6e4 Ke5
65.Be4c2 Kd5
66.Kg2 Kc4
67.Kf3 Kxb5
68.Ke3 Kc4
69.Ke4 Kc5
70.Kd3 Kb4
71.Kd4 b5
72.Kd5 { nul }1/2-1/2

[Event "Coupe Niveau 2"]
[Site "www.echecsemail.com"]
[Date "2026.01.16"]
[Round "1"]
[White "Samjf"]
[Black "Woluwe1975"]
[WhiteElo "1310"]
[BlackElo "1640"]
[Result "0-1"]
1.e4 e5
2.Bf1c4 Ng8f6
3.Ng1f3 h6
4.Nf3xe5 d6
5.Ne5f3 Bf8e7
6.Qd1e2 Nf6g4
7.d4 O-O
8.Nb1c3 Ng4f6
9.Nf3h4 c6
10.Nh4f5 Bc8xf5
11.exf5 d5
12.Bc4d3 Be7b4
13.O-O Rf8e8
14.Qe2f3 Nb8d7
15.a3 Bb4a5
16.b4 Ba5c7
17.a4 a6
18.a5 Nd7f8
19.Bc1d2 Qd8d6
20.Bd2f4 Qd6xf4
21.Qf3h3 Qf4xd4
22.Nc3a2 Nf6g4
23.f6 Ng4xf6
24.Ra1b1 Nf6g4
25.Bd3f5 Ng4xh2
26.Rf1d1 Qd4f6
27.g3 Nh2f3
28.Kg2 Nf3g5
29.Qh3g4 g6
30.Bf5d3 h5
31.Qg4h4 Qf6f3
32.Kf1 Ng5e4
33.Qh4h2 Ne4xg3
34.Kg1 Ng3e2
35.Bd3xe2 Bc7xh2
36.Kxh2 Re8xe2
37.Rd1f1 Re2xf2
38.Rf1xf2 Qf3xf2
39.Kh3 Qf2xc2
40.Rb1a1 Ra8e8
41.Kg3 Re8e3
42.Kf4 Qc2e4
43.Kg5 Re3g3
44.Kh6 Qe4f4
0-1

[Event "Défi"]
[Site "www.echecsemail.com"]
[Date "2026.01.17"]
[Round "1"]
[White "Claudius94"]
[Black "Kiki38"]
[WhiteElo "1899"]
[BlackElo "1490"]
[Result "1-0"]
1.e4 e5
2.Ng1f3 d6
3.Bf1e2 Bf8e7
4.d3 Ng8f6
5.O-O O-O
6.Nb1c3 c6
7.a3 a6
8.b4 b5
9.Bc1e3 d5
10.exd5 cxd5
11.Be3c1 Nb8c6
12.Bc1b2  { temps }1-0

[Event "Tournoi n27316"]
[Site "www.echecsemail.com"]
[Date "2026.01.17"]
[Round "1"]
[White "Leredoutable"]
[Black "Verson"]
[WhiteElo "1720"]
[BlackElo "1860"]
[Result "0-1"]
1.e4 e6
2.Ng1f3 d5
3.d4 dxe4
4.Nf3e5 Ng8f6
5.Bf1c4 Bf8d6
6.Bc1g5 Nb8d7
7.Nb1c3 Nd7xe5
8.dxe5 Bd6xe5
9.Qd1xd8 Kxd8
10.Nc3xe4 Ke7
11.Ra1d1 Rh8d8
12.Rd1xd8 Kxd8
13.O-O Ke7
14.Rf1d1 h6
15.Bg5xf6 gxf6
16.c3 b6
17.Bc4b5 Be5d6
18.Rd1d3 Bd6e5
19.Bb5c6 Ra8b8
20.Rd3h3 Be5f4
21.g3 Bf4c1
22.b3 Bc8b7
23.Bc6xb7 Rb8xb7
24.f4 f5
25.Ne4f2 c5
26.Nf2d3 Rb7d7
27.Nd3e5 Bc1e3
28.Kf1 f6
29.Ne5xd7 Kxd7
30.Rh3xh6 a6
31.Rh6xf6 Be3d2
32.c4 Ke7
33.Rf6h6 Bd2c3
34.Rh6h7 Kd6
35.Ke2 b5
36.Rh7a7 bxc4
37.Ra7xa6 Kd5
38.bxc4 Kxc4
39.Ra6xe6 Kd5
40.Re6b6 Bc3a5
41.Rb6b1 Ba5b4
42.Kd3 c4
43.Ke3 Kc5
44.h4 Bb4c3
45.h5 Bc3d4
 { temps }0-1

[Event "Tournoi n27314"]
[Site "www.echecsemail.com"]
[Date "2026.01.17"]
[Round "1"]
[White "Dversix"]
[Black "Uliczny"]
[WhiteElo "1540"]
[BlackElo "1700"]
[Result "1-0"]
1.d4 Ng8f6
2.e3 d5
3.Bf1d3 Bc8g4
4.f3 Bg4h5
5.Nb1d2 e6
6.Ng1e2 Bf8d6
7.O-O O-O
8.a4 Nb8c6
9.b3 Bh5g6
10.f4 Nc6e7
11.Bd3xg6 Ne7xg6
12.Bc1a3 Bd6xa3
13.Ra1xa3 Qd8e7
14.Ra3a1 c5
15.c4  { temps }1-0